Music Quiz

Random Music or Song Quiz

The Kinks by Lyrics Quiz Stats

 Plays Quiz not verified by Sporcle

Score 0/42 Timer 10:00
0 Plays Today
Lyric Song Title % Correct
Girls will be boys and boys will be girls it's a mixed up muddled up shook up world...Lola
94.2%
Terry meets julie, waterloo station. Every friday night. But I am so lazy, don't want to wander. I stay at home at night Waterloo Sunset
88.4%
I'm not content to be with you in the daytimeAll Day and All of the Night
81.4%
I was born lucky me, in a land that I love, though I'm poor I'm freeVictoria
76.7%
My girlfriends run off with my car, and gone back to her ma and pa, telling tales of drunkeness and crueltySunny Afternoon
74.4%
Everybody's a dreamer, and everybody's a star and everybody's in show biz, it doesn't matter who you areCelluloid Heroes
73.3%
There's a crack up in the ceiling and the kitchen sink is leakingDead End Street
68.6%
When I was small I believed in Santa Clause though I knew it was my dadFather Christmas
65.1%
My makeup is dry and it clags 'round my chin I'm drowning my sorrows in whiskey and gin Death of a Clown
64%
All the houses in the streets have got a name, cause all the houses in the streets they look the sameShangri-la
59.3%
I know a man he's a powerful man he's got the people in his power in the palm of his handPowerman
58.1%
Cheap is small and not too steep but best of all cheap is cheapLow Budget
55.8%
You take all of your smart modern writers, give me William Shakespeare, You keep all your smart modern painters I'll take Rembrandt, Titian, Da Vinci and Gainsborough20th Century Man
52.3%
your mama and your papa and fat old Uncle Charlie are boozing with their friendsPicture Book
51.2%
When nighttime peeps I start to creep I prowl around while your fast asleepSleepwalker
48.8%
Then it's back where you started, here we go round again...Do It Again
46.5%
Now my agent called me and said to me 'Son, your record just got to number one, and you know what this means? you can earn some real money now.'Top of the Pops
45.3%
Ma and Pa look back at all the things they used to do, didn't have no money and they always told the truthWhere Have All The Good Times Gone
44.2%
I've been waiting for years to buy a brand new Caddilac, but now that I've got one I want to send it right back, I can't afford the gas for my luxury limousineA Gallon Of Gas
41.9%
There's a guy in my block, he lives for rock, he plays records day and nightA Rock N' Roll Fantasy
40.7%
Everybody talk about racial equality, everybody talk about equal rights, but white's white and black's black and that's that...Black Messiah
36%
Lyric Song Title % Correct
Whatever the situation, whatever the race or creed, tea knows no segragation, no class or pedigreeHave A Cuppa Tea
32.6%
There's just one thing you've got to do, to make me still want youStop Your Sobbing
31.4%
All life we work but work is a bore, if life's for living what's living for?Oklahoma USA
30.2%
But I'd rather be here than in a dirty old town, I had to leave the city 'cause it nearly brought me downHoliday
30.2%
You keep pretending that everythings fine, so you make small talk and pass the time but all the words that spit from your face, add up to nothing you got [song title]Nothing to Say
30.2%
Reggae music didn't seem to satisfy his needs, he couldn't handle modern jazz because they played in difficult keysPrince of the Punks
29.1%
No matter what your occupation is, everybody's in showbizEverybody's a Star
26.7%
I know of no game more fitting than the age old game of cricket, it has honour, it has character and it's BritishCricket
25.6%
Lavinia looked so divine, as she walked up to the table to dine, and then Lavinia's eyes met mineHoliday Romance
24.4%
I said I don't need your fancy cooking, I like the simple things in lifeHot Potatoes
24.4%
There is no hope no reasoning [song title], and everybody felt the rainRainy Day In June
24.4%
My band went broke and my well ran dry it was almost enough to contemplate suicide, I turned on the gas but I soon realized I hadn't settled my bills so they cut off my supplyLife Goes On
23.3%
I'm immortalizing his life, and I'll even sleep with his wife for the sake of art I'll go to bed like the [Song Title}Ordinary People
22.1%
He gets up early bout 7 o'clock, the alarm goes off and then the house starts to rock, in and out of the bathroom by 7:03, by 7:10 he's downstairs drinking his teaRush Hour Blues
22.1%
He's checking a list that's been checked out before, he's starting to lose his mindNine To Five
20.9%
Don't think of things that make you sad, just remember all the good times that you hadSchooldays
20.9%
i'll have some clam chowder followed by beef steak on rye, pumpkin pie whipped cream and coffeeMaximum Consumption
19.8%
They're gonna put you down for a while you've got to learn to grit your teeth and smile and look a little on the funny sunny side of lifeLook a Little On The Sunny Side
19.8%
Living is fantasy, traveling mentally Making up tunes in hotel rooms, 'Bout places I've never been toKentucky Moon
15.1%
Made a lot of conversation, talked a lot of weather, I hope we meet again someday and spend some time togetherHere Comes Yet Another Day
14%
Slow dancing in a disco, standing underneath the lightshow, standing underneath the [song title]Artificial Light
11.6%

You're not logged in!

Compare scores with friends on all Sporcle quizzes.
OR
Log In

Show Comments

Extras

Created Nov 19, 2010ReportNominate
Tags:Album Quiz, Song Quiz, kink

Top Quizzes Today


Score Distribution

Your Account Isn't Verified!

In order to create a playlist on Sporcle, you need to verify the email address you used during registration. Go to your Sporcle Settings to finish the process.

Report this User

Report this user for behavior that violates our Community Guidelines.

Details: